| 000 | 00810nam a2200145Ia 4500 | ||
|---|---|---|---|
| 008 | 171212s9999 xx 000 0 und d | ||
| 020 | _a9780870819513 | ||
| 100 | _aLind, Michael;Urcid, Javier;Urcid, Javier | ||
| 245 |
_cLind, Michael;Urcid, Javier;Urcid, Javier _aThe Lords of Lambityeco _bPolitical Evolution in the Valley of Oaxaca during the Xoo Phase |
||
| 260 |
_bUniversity Press of Colorado _c2010 |
||
| 440 | _aMesoamerican Worlds: From the Olmec to the Danzantes | ||
| 650 | _aAnthropology | ||
| 650 | _aLambityeco Site (Mexico); Excavations (Archaeology -- Mexico -- Lambityeco Site; Zapotec Indians -- Antiquities; Zapotec Indians -- Politics and government; Social archaeology -- Mexico -- Oaxaca Valley; Oaxaca Valley (Mexico) -- Antiquities | ||
| 856 | _uhttp://www.jstor.org/stable/j.ctt46nwfc | ||
| 999 |
_c353182 _d353182 |
||